| 000 | 01523cam a2200313 a 4500 | ||
|---|---|---|---|
| 001 | 13780003 | ||
| 005 | 20070409115130.0 | ||
| 008 | 041112s2005 cau | b 001 0 eng d | ||
| 010 | _a 2004026677 | ||
| 020 | _a0804750637 (cloth : alk. paper) | ||
| 020 | _a0804750645 (pbk. : alk. paper) | ||
| 040 |
_aDLC _cDLC _dDLC |
||
| 043 | _ae------ | ||
| 050 | 0 | 0 |
_aD2009 _b.G475 2005 |
| 082 | 0 | 0 |
_a341.2422 _222 _bGER |
| 100 | 1 |
_aGerven, W. van _q(Walter) _910964 |
|
| 245 | 1 | 4 |
_aThe European Union : _cWalter van Gerven. _bA Polity of States and Peoples / |
| 260 |
_aStanford, Calif. : _bStanford University Press, _cc2005. |
||
| 300 |
_axvii, 397 p. ; _c24 cm. |
||
| 504 | _aIncludes bibliographical references and index. | ||
| 610 | 2 | 0 |
_aEuropean Union. _910965 |
| 651 | 0 |
_aEurope _xPolitics and government _y21st century. _910966 |
|
| 856 | 4 | 1 |
_3Table of contents _uhttp://www.loc.gov/catdir/toc/ecip053/2004026677.html |
| 856 | 4 | 2 |
_3Contributor biographical information _uhttp://www.loc.gov/catdir/enhancements/fy0710/2004026677-b.html |
| 856 | 4 | 2 |
_3Publisher description _uhttp://www.loc.gov/catdir/enhancements/fy0710/2004026677-d.html |
| 942 |
_2ddc _cBB |
||
| 999 |
_c13281 _d13281 |
||